01227nam a2200301 a 450000100060000000300080000600500170001400800410003103500140007203500240008603500140011003500170012404000260014104100080016708200250017510000620020024502000026226000400046230000190050249000450052150500680056665000550063465000540068965000520074370000520079571000350084785600430088256023BD-RjUL20211209080338.0161124m1966 bg c 000 0 eng  a(BD-RJUL) a(OCoLC)ocn499262392 a(BD-RjUL) a(NNC)2592513 aBD-RjULbengcBD-RjUL aeng 223a016.09bHAD 19661 aHabibullah, A. B. M.q(Abul Barkat Muhammud),d1911-1984.10aDescriptive catalogue of the Persian, Urdu & Arabic manuscripts in the Dacca university library /cA. B. M. Habibullah. With a note on the history of the manuscript collection, by M. Siddiq Khan. aDacca :bUniversity Library,c1966. a2 v. ;c24 cm.1 aDacca University Library publication,v10 aV. 1. Persian manuscripts.-- V. 2. Urdu and Arabic manuscripts. 0aManuscripts, PersianzBangladeshzDhakavCatalogs. 0aManuscripts, ArabiczBangladeshzDhakavCatalogs. 0aManuscripts, UrduzBangladeshzDhakavCatalogs.1 aKhan, M. Siddiqq(Muhammad Siddiq),d1910-1978.2 aUniversity of Dacca.bLibrary. uDacca University Library publication 1